|
|
|
|
| LEADER |
00000nam a22000004a 4500 |
| 001 |
AR-BbUGT1762 |
| 003 |
AR-BbUGT |
| 005 |
20181220001601.0 |
| 007 |
ta |
| 008 |
061101t1958 |||ad |0|||0| d |
| 040 |
|
|
|a AR-BbUGT
|b spa
|c AR-BbUGT
|
| 082 |
0 |
4 |
|a 339
|
| 100 |
1 |
|
|a Maizels, Alfred.
|
| 245 |
1 |
0 |
|a Exports and economic groth of developing countries /
|c Alfred Maizels ; assisted by L.F. Campbell-Boross and P.B.W. Rayment.
|
| 260 |
|
|
|a Cambridge :
|b University Press,
|c 1958.
|
| 300 |
|
|
|a 443 p. :
|b il., tablas ;
|c 22 cm.
|
| 653 |
|
|
|a Macroeconomía
|
| 653 |
|
|
|a Paises en vías de desarrollo
|
| 653 |
|
|
|a Paises subdesarrollados
|
| 653 |
|
|
|a Crecimiento económico
|
| 700 |
1 |
|
|a Campbell-boross, L. F.
|
| 700 |
1 |
|
|a Rayment, P. B. W.
|
| 942 |
|
|
|c BK
|h 339
|i M287
|m D
|2 ddc
|6 339_000000000000000_M287
|
| 999 |
|
|
|c 9495
|d 9495
|